Studies in operations management

Enregistré dans:
Détails bibliographiques
Autres auteurs: Hax, Arnoldo C.
Format: Livre
Langue:anglais
Publié: Amsterdam North-Holland Pub. Co. 1978
Tags: Ajouter un tag
Pas de tags, Soyez le premier à ajouter un tag!

MARC

LEADER 00000nam a2200000 4500
001 c140386
005 20041019155318.7
041 0 |a eng 
044 |a NL 
245 1 0 |a Studies in operations management  |c Ed. by Arnoldo C. Hax 
264 1 |a Amsterdam  |b North-Holland Pub. Co.  |c 1978 
300 |a 592 s. 
700 1 |a Hax, Arnoldo C.